00498nam a2200193 a 4500001001300000003000900013005001700022008004100039020001000080082001500090100001700105245002500122260005100147300000900198500003500207505002200242650002300264700001700287nice12345678IN_TiNIC20260116011526.0050524s1932 lona grp 000 0 eng  ac10000a220.7bMAR aMartin, Hugh aTeaching Commentary. aLondonbStudent Christian Movement Pressc1932 a430p aincludes index and biblioraphy2 aAppendix, Indices aBible-Commentaries1 aMartin, Hugh